<?xml version="1.0" encoding="UTF-8"?><?xml-stylesheet type="text/xsl" href="static/style.xsl"?><OAI-PMH xmlns="http://www.openarchives.org/OAI/2.0/" xmlns:xsi="http://www.w3.org/2001/XMLSchema-instance" xsi:schemaLocation="http://www.openarchives.org/OAI/2.0/ http://www.openarchives.org/OAI/2.0/OAI-PMH.xsd"><responseDate>2026-06-05T15:01:55Z</responseDate><request verb="GetRecord" identifier="oai:riuma.uma.es:10630/30862" metadataPrefix="marc">https://riuma.uma.es/rest/oai/request</request><GetRecord><record><header><identifier>oai:riuma.uma.es:10630/30862</identifier><datestamp>2026-02-03T12:35:04Z</datestamp><setSpec>com_10630_2254</setSpec><setSpec>col_10630_37957</setSpec></header><metadata><record xmlns="http://www.loc.gov/MARC21/slim" xmlns:dcterms="http://purl.org/dc/terms/" xmlns:doc="http://www.lyncode.com/xoai" xmlns:xsi="http://www.w3.org/2001/XMLSchema-instance" xsi:schemaLocation="http://www.loc.gov/MARC21/slim http://www.loc.gov/standards/marcxml/schema/MARC21slim.xsd">
   <leader>00925njm 22002777a 4500</leader>
   <datafield ind2=" " ind1=" " tag="042">
      <subfield code="a">dc</subfield>
   </datafield>
   <datafield ind2=" " ind1=" " tag="720">
      <subfield code="a">Martos Barrachina, Francisco</subfield>
      <subfield code="e">author</subfield>
   </datafield>
   <datafield ind2=" " ind1=" " tag="260">
      <subfield code="c">2024-03</subfield>
   </datafield>
   <datafield ind2=" " ind1=" " tag="520">
      <subfield code="a">En este trabajo se resuelve el problema de planificación de menús desde una perspectiva multicriterio aplicando técnicas metaheurísticas. Se trabaja en el enfoque SHARP, siglas en inglés de sostenibilidad, salud, asequibilidad, fiabilidad y palatabilidad. Se inicia con un análisis de la dieta española que nos permite definir el contexto del problema. Posteriormente se define el modelo base como un problema de factibilidad, en el que se usa una función de Tchebycheff ampliada como métrica de distancia a la región factible y se optimiza utilizando un algoritmo GRASP+ILS. Una vez alcanzada la región factible, se incluyen en el problema los objetivos de coste y palatabilidad, definiendo una función innovadora para este último apartado, y se resuelve este problema bi-objetivo para consumidores específicos utilizando un algoritmo Path Relinking. Por último, se incorporan objetivos de sostenibilidad que nos permiten trabajar con un problema multiobjetivo en el que exploramos distintas regiones de la frontera eficiente utilizando una función de logro de Wierzbicki ampliada, que optimizamos con un algoritmo GRASP.</subfield>
   </datafield>
   <datafield ind1="8" ind2=" " tag="024">
      <subfield code="a">https://hdl.handle.net/10630/30862</subfield>
   </datafield>
   <datafield tag="653" ind2=" " ind1=" ">
      <subfield code="a">Optimización matemática</subfield>
   </datafield>
   <datafield tag="653" ind2=" " ind1=" ">
      <subfield code="a">Menús - Planificación</subfield>
   </datafield>
   <datafield ind2="0" ind1="0" tag="245">
      <subfield code="a">A re-examination of the Menu Planning Problem from a Multiobjective Optimization perspective: The SHARP approach</subfield>
   </datafield>
</record>
</metadata></record></GetRecord></OAI-PMH>